000 00528nam a22001937a 4500
003 KOHA_MİRAKIL
005 20251006111424.0
008 251006b tu ||||| |||| 00| 0 tur d
020 _a9786257548410
040 _aTR-AnABB
_btur
_cTR-AnABB
041 _atur
082 _a813.42
_bCEV 2022
100 1 _aÇevik, Mustafa,
245 1 0 _aÇöldeki bozkurt /
_cMustafa Çevik
260 _aİstanbul :
_bTurkuvaz Kitap,
_c2022
300 _a271 sayfa ;
_c20 cm
650 0 4 _aTürk edebiyatı, roman
942 _2ddc
_cBK
999 _c9104
_d9104
900 _bGizem YORULMAZ